| 000 | 00987cam a2200229 4500 | ||
|---|---|---|---|
| 001 | WB3908-05 | ||
| 008 | 030227n2003 000 0 eng u | ||
| 035 | _a(Sirsi) u121462 | ||
| 245 | _aFarm heritage needs care | ||
| 260 | _c2003 | ||
| 490 |
_aEnglish Heritage News Release _v 27 February 2003 (1) |
||
| 520 | _aEnglish Heritage has introduced a new scheme designed to help farmers learn to protect the heritage of their farm through pilots for a new entry level agri-environment scheme. The scheme is to be piloted for two years initially in four areas before rolling out nationwide in 2005. http://www.english-heritage.org.uk/default.asp?wci=mainframe&URL1=default.asp%3FWCI%3DNode%26WCE%3D7282 | ||
| 590 | _aWB | ||
| 650 | _aDRY STONE WALLS | ||
| 650 | _aFARMS | ||
| 650 | _aARCHAEOLOGICAL SITES | ||
| 650 | _aHEDGES | ||
| 650 | _aTREES | ||
| 650 | _aHERITAGE | ||
| 690 | _aBUILT ENVIRONMENT-BUILDING MAINTENANCE AND REFURBISHMENT-BUILDING CONSERVATION | ||
| 942 | _n0 | ||
| 999 |
_c72182 _d72182 |
||